Detente diplomacy: United States and European security in the 1970's / (Record no. 13257)
[ view plain ]
| 000 -LEADER | |
|---|---|
| fixed length control field | 01251cam a2200301 4500 |
| 001 - CONTROL NUMBER | |
| control field | 1717490 |
| 005 - DATE AND TIME OF LATEST TRANSACTION | |
| control field | 19800926000000.0 |
| 008 - FIXED-LENGTH DATA ELEMENTS--GENERAL INFORMATION | |
| fixed length control field | 700619s1970 nyub | b 00| 0 engs |
| 010 ## - LIBRARY OF CONGRESS CONTROL NUMBER | |
| LC control number | 72119339 |
| 020 ## - INTERNATIONAL STANDARD BOOK NUMBER | |
| International Standard Book Number | 0842400036 |
| 040 ## - CATALOGING SOURCE | |
| Original cataloging agency | DLC |
| Transcribing agency | DLC |
| Modifying agency | DLC |
| 050 00 - LIBRARY OF CONGRESS CALL NUMBER | |
| Classification number | D849 |
| Item number | .S7 |
| 082 00 - DEWEY DECIMAL CLASSIFICATION NUMBER | |
| Classification number | 327.7304 |
| Edition number | 19 |
| Item number | STA |
| 100 1# - MAIN ENTRY--PERSONAL NAME | |
| Personal name | Stanley, Timothy W. |
| 9 (RLIN) | 10873 |
| 245 10 - TITLE STATEMENT | |
| Title | Detente diplomacy: United States and European security in the 1970's / |
| Statement of responsibility, etc | [by] Timothy W. Stanley [and] Darnell M. Whitt. Foreword by Livingston T. Merchant. Published for the Atlantic Council of the United States. |
| 260 ## - PUBLICATION, DISTRIBUTION, ETC. (IMPRINT) | |
| Place of publication, distribution, etc | New York: |
| Name of publisher, distributor, etc | Dunellen Co., |
| Date of publication, distribution, etc | c.[1970]. |
| 300 ## - PHYSICAL DESCRIPTION | |
| Extent | xiv, 170 p.: |
| Other physical details | map.; |
| Dimensions | 23 cm. |
| 490 0# - Series Statement | |
| Series statement | University Press of Cambridge series in the social sciences |
| 500 ## - GENERAL NOTE | |
| General note | Donations. |
| 500 ## - GENERAL NOTE | |
| General note | Donated By: Alaa Abdel Ghaney. |
| 504 ## - BIBLIOGRAPHY, ETC. NOTE | |
| Bibliography, etc | Includes bibliographical references. |
| 650 #0 - SUBJECT ADDED ENTRY--TOPICAL TERM | |
| Topical term or geographic name as entry element | World politics |
| Chronological subdivision | 1965-1975. |
| 9 (RLIN) | 10874 |
| 651 #0 - SUBJECT ADDED ENTRY--GEOGRAPHIC NAME | |
| Geographic name | Europe |
| General subdivision | Defenses. |
| 9 (RLIN) | 10875 |
| 700 1# - ADDED ENTRY--PERSONAL NAME | |
| Personal name | Whitt, Darnell M., |
| Dates associated with a name | 1937- |
| Relator term | joint author. |
| 9 (RLIN) | 10876 |
| 710 2# - ADDED ENTRY--CORPORATE NAME | |
| Corporate name or jurisdiction name as entry element | Atlantic Council of the United States. |
| 9 (RLIN) | 10877 |
| 942 ## - ADDED ENTRY ELEMENTS (KOHA) | |
| Source of classification or shelving scheme | Dewey Decimal Classification |
| Item type | Book - Borrowing |
| Withdrawn status | Item status | Source of classification or shelving scheme | Damaged status | Not for loan | Vendor | Home library | Current library | Shelving location | Date acquired | Source of acquisition | Total Checkouts | Full call number | Barcode | Date last seen | Koha item type |
|---|---|---|---|---|---|---|---|---|---|---|---|---|---|---|---|
| Dewey Decimal Classification | Central Library | Central Library | First floor | 02/02/2010 | 327.7304 STA | 000019558 | 15/07/2025 | Book - Borrowing |